Alcoholic fuels /
Salvato in:
| Altri autori: | |
|---|---|
| Natura: | Libro |
| Lingua: | inglese |
| Pubblicazione: |
Boca Raton, FL
CRC/Taylor & Francis
2006.
|
| Serie: | Chemical industries ;
v. 112. |
| Soggetti: | |
| Accesso online: | Table of contents only Publisher description Visualizza in OPAC |
| Tags: |
Nessun Tag, puoi essere il primo ad aggiungerne!!
|
MARC
| LEADER | 00000cam a22000004a 4500 | ||
|---|---|---|---|
| 005 | 20260127134253.0 | ||
| 008 | 051221s2006 flua b 001 0 eng | ||
| 010 | |a 2005-056058 | ||
| 020 | |a 0849339448 (alk. paper) | ||
| 020 | |a 9780849339448 | ||
| 035 | |a vtls008963819 | ||
| 039 | 9 | |y 200704131052 |z mschk03 | |
| 040 | |a STUSCHK1 |b slo |c STUSCHK1 |d DLC |d BAKER |d C#P |d DLC | ||
| 042 | |a pcc | ||
| 082 | 0 | 0 | |a 662/.6692 |2 22 |
| 245 | 0 | 0 | |a Alcoholic fuels / |c [edited by] Shelley Minteer. |
| 260 | |a Boca Raton, FL |b CRC/Taylor & Francis |c 2006. | ||
| 300 | |a 273 p. |b ill. |c 24 cm. | ||
| 490 | 1 | |a Chemical industries |v 112 | |
| 504 | |a Includes bibliographical references and index. | ||
| 650 | 0 | |a Alcohol as fuel. | |
| 700 | 1 | |a Minteer, Shelley D. | |
| 830 | 0 | |a Chemical industries ; |v v. 112. | |
| 856 | 4 | 1 | |3 Table of contents only |u http://www.loc.gov/catdir/toc/fy0614/2005056058.html |
| 856 | 4 | 2 | |3 Publisher description |u http://www.loc.gov/catdir/enhancements/fy0648/2005056058-d.html |
| 906 | |a 7 |b cbc |c orignew |d 1 |e ocip |f 20 |g y-gencatlg | ||
| 910 | |a SCHK95 | ||
| 919 | |a 0-8493-3944-8 | ||
| 925 | 0 | |a acquire |b 2 shelf copies |x policy default | |
| 955 | |d jf09 2006-01-04 to sl |e jf09 2006-01-04 to Dewey |f pv17 2006-09-01 Z-CipVer | ||
| 999 | |c 8394 |d 8394 | ||